000 00420nam a22001697a 4500
999 _c526394
_d526394
003 NUST
038 _awaseem
082 _a891.421
_bBAB
100 _aBaho, Sajan
_917391
245 _aGunjlah /
_cSajan Baho
260 _aAzad Kashmir :
_bIdeal Book Depou.
_c2003.
300 _a168 p. ;
500 _aHardcover.
880 _6100-01\r
_aساجن باہو
880 _6245-02\r
_aگنجھلاں /
942 _2ddc
_cBK